Juan Bosch : (Registro nro. 13855)

Detalles MARC
000 -LEADER
fixed length control field 00995nam a2200265 a 4500
001 - CONTROL NUMBER
control field
003 - CONTROL NUMBER IDENTIFIER
control field DO-SdBNP
005 - DATE AND TIME OF LATEST TRANSACTION
control field 20211108125708.0
008 - FIXED-LENGTH DATA ELEMENTS--GENERAL INFORMATION
fixed length control field 090331s1998 dr r 000 0 spa d
040 ## - CATALOGING SOURCE
Original cataloging agency DO-SdBNP
Language of cataloging spa
Transcribing agency BPMSU
082 ## - DEWEY DECIMAL CLASSIFICATION NUMBER
Classification number 070.97293
Item number B742j 1998
Edition number 22
245 00 - TITLE STATEMENT
Title Juan Bosch :
Remainder of title el periódico del partido y la comunicación con las masas /
Statement of responsibility, etc. coordinador Daniel Cruz
260 ## - PUBLICATION, DISTRIBUTION, ETC. (IMPRINT)
Place of publication, distribution, etc. Santo Domingo :
Name of publisher, distributor, etc. El Nuevo Diario,
Date of publication, distribution, etc. 1998.
300 ## - PHYSICAL DESCRIPTION
Extent 239 p. ;
Dimensions 21 cm.
490 0# - SERIES STATEMENT
Series statement Vanguardia
505 2# - FORMATTED CONTENTS NOTE
Title A modo de presentación --
-- Sobre el periódico del partido --
-- Comunicación con las masas --
-- Editoriales y sueltos sobre Vanguardia.
590 ## - LOCAL NOTE (RLIN)
Local note Inventariado,2021/VM
600 10 - SUBJECT ADDED ENTRY--PERSONAL NAME
Personal name Bosch, Juan,
Dates associated with a name 1909-2001
9 (RLIN) 1
610 14 - SUBJECT ADDED ENTRY--CORPORATE NAME
Corporate name or jurisdiction name as entry element Partido de la Liberación Dominicana
650 #4 - SUBJECT ADDED ENTRY--TOPICAL TERM
Topical term or geographic name as entry element Medios de comunicación de masas
Geographic subdivision República Dominicana
650 #4 - SUBJECT ADDED ENTRY--TOPICAL TERM
Topical term or geographic name as entry element Periodismo
Geographic subdivision República Dominicana
General subdivision Historia
700 1# - ADDED ENTRY--PERSONAL NAME
Personal name Cruz, Daniel
Relator term coord.
910 ## - USER-OPTION DATA (OCLC)
User-option data VMateo V.
942 ## - ADDED ENTRY ELEMENTS (KOHA)
Source of classification or shelving scheme Dewey Decimal Classification
Koha item type Libros
Existencias
Withdrawn status Lost status Source of classification or shelving scheme Damaged status Not for loan Home library Current library Date acquired Total Checkouts Full call number Barcode Date last seen Price effective from Koha item type Copy number
    Dewey Decimal Classification     Biblioteca Pública Metropolitana Salomé Ureña Biblioteca Pública Metropolitana Salomé Ureña 11/08/2021   BPMSU CD 070.97293 B742j 1998 BPMSU21110061 11/08/2021 11/08/2021 Libros  
    Dewey Decimal Classification     Biblioteca Pública Metropolitana Salomé Ureña Biblioteca Pública Metropolitana Salomé Ureña 11/08/2021   BPMSU CD 070.97293 B742j 1998 BPMSU21110062 11/08/2021 11/08/2021 Libros e.2